<?xml version="1.0" encoding="UTF-8"?>
<record
    xmlns:xsi="http://www.w3.org/2001/XMLSchema-instance"
    xsi:schemaLocation="http://www.loc.gov/MARC21/slim http://www.loc.gov/standards/marcxml/schema/MARC21slim.xsd"
    xmlns="http://www.loc.gov/MARC21/slim">

  <leader>01387nam a22002057a 4500</leader>
  <controlfield tag="008">110913t        xxu||||| |||| 00| 0 eng d</controlfield>
  <datafield tag="020" ind1=" " ind2=" ">
    <subfield code="a">0534367577 9780534367572</subfield>
  </datafield>
  <datafield tag="050" ind1=" " ind2=" ">
    <subfield code="a">BF637.C6 J34 </subfield>
  </datafield>
  <datafield tag="100" ind1=" " ind2=" ">
    <subfield code="a">Jacobs, Ed E.</subfield>
  </datafield>
  <datafield tag="245" ind1=" " ind2=" ">
    <subfield code="a">Group counseling : strategies and skills /</subfield>
    <subfield code="c">Ed E. Jacobs, Robert L. Masson, Riley L. Harvill.</subfield>
  </datafield>
  <datafield tag="260" ind1=" " ind2=" ">
    <subfield code="a">Pacific Grove, CA : </subfield>
    <subfield code="b">Thomson Learning/Brooks/Cole,</subfield>
    <subfield code="c">&#xA9;2002</subfield>
  </datafield>
  <datafield tag="300" ind1=" " ind2=" ">
    <subfield code="a">xvi, 428 p. ; 24 cm.</subfield>
    <subfield code="c">xvi, 428 p. ; 24 cm.</subfield>
  </datafield>
  <datafield tag="500" ind1=" " ind2=" ">
    <subfield code="a">Includes index</subfield>
  </datafield>
  <datafield tag="505" ind1=" " ind2=" ">
    <subfield code="a">Contents: Introduction -- Stages of groups, group process and therapeutic forces -- Purpose of groups -- Planning -- Getting started: the beginning stage and beginning phase -- Basic skills for group leaders -- Focus -- Cutting off and drawing out -- Rounds and dyads -- Exercises -- Introducing, conducting and processing exercises -- Leading the middle stage of a group -- Counselling and therapy in groups -- Closing a session or group -- Dealing with problem situations -- Working with specific populations -- Issues in group counselling -- Appendix A: Best practice guidelines: Association for specialist in group work -- Appendix B: Principles for diversity- competent group workers: Association for specialists in group work.</subfield>
  </datafield>
  <datafield tag="650" ind1=" " ind2=" ">
    <subfield code="a">Group counseling</subfield>
  </datafield>
  <datafield tag="650" ind1=" " ind2=" ">
    <subfield code="a">Leadership. </subfield>
  </datafield>
  <datafield tag="700" ind1=" " ind2=" ">
    <subfield code="a">Masson, Robert L.,</subfield>
  </datafield>
  <datafield tag="700" ind1=" " ind2=" ">
    <subfield code="a">Harvill, Riley L. </subfield>
  </datafield>
  <datafield tag="942" ind1=" " ind2=" ">
    <subfield code="2">lcc</subfield>
    <subfield code="c">BK</subfield>
  </datafield>
  <datafield tag="999" ind1=" " ind2=" ">
    <subfield code="c">103</subfield>
    <subfield code="d">7603</subfield>
  </datafield>
  <datafield tag="952" ind1=" " ind2=" ">
    <subfield code="0">0</subfield>
    <subfield code="1">0</subfield>
    <subfield code="2">lcc</subfield>
    <subfield code="4">0</subfield>
    <subfield code="7">0</subfield>
    <subfield code="a">WIUC-1</subfield>
    <subfield code="b">WIUC-1</subfield>
    <subfield code="c">GEN</subfield>
    <subfield code="d">2011-09-13</subfield>
    <subfield code="l">0</subfield>
    <subfield code="o">BF637.C6 J34</subfield>
    <subfield code="p">254/11</subfield>
    <subfield code="r">2011-09-13 00:00:00</subfield>
    <subfield code="t">1</subfield>
    <subfield code="w">2011-09-13</subfield>
    <subfield code="y">BK</subfield>
  </datafield>
  <datafield tag="952" ind1=" " ind2=" ">
    <subfield code="0">0</subfield>
    <subfield code="1">0</subfield>
    <subfield code="2">lcc</subfield>
    <subfield code="4">0</subfield>
    <subfield code="7">0</subfield>
    <subfield code="a">WIUC-1</subfield>
    <subfield code="b">WIUC-1</subfield>
    <subfield code="c">GEN</subfield>
    <subfield code="d">2011-09-13</subfield>
    <subfield code="l">0</subfield>
    <subfield code="o">BF637.C6 J341</subfield>
    <subfield code="p">255/11</subfield>
    <subfield code="r">2011-09-13 00:00:00</subfield>
    <subfield code="t">2</subfield>
    <subfield code="w">2011-09-13</subfield>
    <subfield code="y">BK</subfield>
  </datafield>
  <datafield tag="952" ind1=" " ind2=" ">
    <subfield code="0">0</subfield>
    <subfield code="1">0</subfield>
    <subfield code="2">lcc</subfield>
    <subfield code="4">0</subfield>
    <subfield code="7">0</subfield>
    <subfield code="a">WIUC-1</subfield>
    <subfield code="b">WIUC-1</subfield>
    <subfield code="c">GEN</subfield>
    <subfield code="d">2011-09-13</subfield>
    <subfield code="l">0</subfield>
    <subfield code="o">BF637.C6 J342</subfield>
    <subfield code="p">256/11</subfield>
    <subfield code="r">2011-09-13 00:00:00</subfield>
    <subfield code="t">2</subfield>
    <subfield code="w">2011-09-13</subfield>
    <subfield code="y">BK</subfield>
  </datafield>
</record>
